NFL Players From Gof5 Schools - Statistics

General Stats
  • This quiz has been taken 9 times
  • The average score is 19 of 31
Answer Stats
Player College % Correct
Joe Flacco Delaware
100%
Carson Wentz North Dakota st
100%
Steve McNair Alcorn st
86%
Antonio Brown Central Michigan
86%
Corey Davis Central Michigan
86%
Davante Adams Fresno st
86%
Randy Moss Marshall
86%
Jordan Love Utah st
86%
Tyreek Hill West Alabama
86%
Bailey Zappe Western Kentucky
86%
Tony Romo Eastern Illinois
71%
Malik Willis Liberty
71%
Tony Pollard Memphis
71%
Jerry Rice Mississippi Valley st
71%
Brett Favre Southern Miss
71%
Jay Ajayi Boise st
57%
Khalil Mack Buffalo
57%
Julian Edelman Kent st
57%
Brian Urlacher New Mexico
57%
Marshall Faulk San Diego st
57%
Kareem Hunt Toledo
57%
Gabe Davis UCF
57%
Mathew Judon Grand Valley st
43%
Taylor Heinecke Old Dominion
43%
Walter Payton Jackson st
29%
Reed Blankenship Middle Tennessee st
29%
K.J. Hamler Wyoming
29%
Willie Snead Ball st
14%
Andy Dalton Cincinatti
14%
Jimmy Graham Miami FL
14%
Elijah Wilson Louisiana Lafayette
0%
No matching quizzes found
Score Distribution
Percent of People with Each Score
Percentile by Number Answered
Your Score History
You have not taken this quiz